<?xml version="1.0" encoding="UTF-8"?>
<collection xmlns="http://www.loc.gov/MARC21/slim">
<record>
  <controlfield tag="001">4034</controlfield>
  <controlfield tag="005">20260218150743.0</controlfield>
  <datafield tag="024" ind1="7" ind2=" ">
    <subfield code="a">https://doi.org/10.1051/swsc/2014028</subfield>
    <subfield code="2">DOI</subfield>
  </datafield>
  <datafield tag="037" ind1=" " ind2=" ">
    <subfield code="a">DATASET-2019-0038</subfield>
  </datafield>
  <datafield tag="100" ind1=" " ind2=" ">
    <subfield code="a">Chevalier, Jean-Marie</subfield>
  </datafield>
  <datafield tag="245" ind1=" " ind2=" ">
    <subfield code="a">GPS-based near-real time ionospheric TEC maps over Europe</subfield>
  </datafield>
  <datafield tag="260" ind1=" " ind2=" ">
    <subfield code="c">2012</subfield>
  </datafield>
  <datafield tag="520" ind1=" " ind2=" ">
    <subfield code="a">The ionosphere above Europe was monitored in near-real time using the GPS observations of the EUREF Permanent Network from the 25th October 2011 until the 16th May 2022. The ionospheric vertical Total Electron Content (TEC) and its variability were estimated every 15 minutes on a 0.5°x0.5° grid. This service delivered IONEX TEC products https://gnss.be/SpaceWeather/Products/IONEX/  and a web service highlighting the ionospheric activity at https://gnss.be/SpaceWeather/index.php.  This dataset is now discontinued and replaced by the European near-real-time ionosphere TEC maps based on multi-GNSS observations, since the 17th May 2025.</subfield>
  </datafield>
  <datafield tag="594" ind1=" " ind2=" ">
    <subfield code="a">STCE</subfield>
  </datafield>
  <datafield tag="653" ind1="1" ind2=" ">
    <subfield code="a">GNSS</subfield>
  </datafield>
  <datafield tag="653" ind1="1" ind2=" ">
    <subfield code="a">GPS</subfield>
  </datafield>
  <datafield tag="653" ind1="1" ind2=" ">
    <subfield code="a">Ionosphere</subfield>
  </datafield>
  <datafield tag="653" ind1="1" ind2=" ">
    <subfield code="a">TEC</subfield>
  </datafield>
  <datafield tag="653" ind1="1" ind2=" ">
    <subfield code="a">IONEX</subfield>
  </datafield>
  <datafield tag="653" ind1="1" ind2=" ">
    <subfield code="a">EUREF</subfield>
  </datafield>
  <datafield tag="700" ind1=" " ind2=" ">
    <subfield code="a">Bergeot, Nicolas</subfield>
  </datafield>
  <datafield tag="856" ind1="0" ind2=" ">
    <subfield code="f">jean-marie.chevalier@observatoire.be</subfield>
  </datafield>
  <datafield tag="856" ind1="4" ind2="2">
    <subfield code="a">https://gnss.be/SpaceWeather/index.php</subfield>
  </datafield>
  <datafield tag="980" ind1=" " ind2=" ">
    <subfield code="a">DATASET</subfield>
  </datafield>
</record>
</collection>